| 000 | 00553nam a2200229Ia 4500 | ||
|---|---|---|---|
| 003 | OSt | ||
| 005 | 20221005131313.0 | ||
| 006 | a|||||r|||| 00| 0 | ||
| 007 | ta | ||
| 008 | 221004b |||||||| |||| 00| 0 kan d | ||
| 024 | _a61418 | ||
| 037 | _cTextual | ||
| 040 |
_aCRL _cCRL _bkan |
||
| 041 |
_2kan _akan |
||
| 082 | _aS0bT, 33K2 | ||
| 100 |
_aVirappa Au. _9639395 |
||
| 245 | 0 | _aSikhnadali manovighan | |
| 260 | _c1962 | ||
| 650 | _aPSYCHOLOGY | ||
| 942 |
_hS0bT, 33K2 _cTEXL _2cc |
||
| 999 |
_c1059911 _d1059911 |
||